00361nam a2200145Ia 4500008004100000020001800041041000800059082001400067100001800081245003100099260004200130300001000172500001800182650001500200260520s2025 xx 000 0 und d a9789354439995 aeng a658.3/PAT aPattanayak, B aHuman Resourcae Management aDELHIbPhi Learning PRIVATE LTDc2025 a638p. aCat No: 15077 aMANAGEMENT